1183 1439 1722 1254 1500 1282 1490 1966 1591 1209 1412 1638 1412 1651 1948 1949 1322 1940 1202 1881 1033 1289 1154 1763 1219 1551 1080 1666 1889 1674 1270 1968 1010 1635 1102 1915 1678 1661 1459 1578 1397 1309 1318 1970 1291 1043 1266 1152 1919 1489 1303 1157 1608 1815 1241 1746 1522 1115 1030 1046 1729 1883 1100 1271 1824 1039 1164 1108 1015 1841 1315 1895 1643 1677 1095 1995 1813 1819 1913 1932 1851 1863 1168 1788 1895 1440 1215 1047 1346 1531 1448 1264 1403 1173 1172 1052 1076 1038 1887 BCNSPRNW ULIB Ver.6.0+V

เปลี่ยนเป็นภาษาไทย

Change to English
 แสดงรายละเอียดบรรณานุกรม
  กลับหน้าหลัก

Brief Record : Get Marc (ISO 2709) : E-mail record : QR code < ปิดหน้าต่าง
LEADER : 00000nam 22003134a 4500
001    13399114522
003     ULIB
008    100204s2010 us a b 001 0 eng d
020    ^a9780763736248 (pbk.)
060 04 ^aWT115^bB531n
100 1  ^aBernstein, Melissa
245 10 ^aNutrition for the older adult /^cMelissa Bernstein, Ann
260    ^aSudbury, Mass. :^bJones and Bartlett Publishers,^cc2010
300    ^axi, 422 p. :^bill. ;^c26 cm.
500    ^aSend to Single Search
504    ^aIncludes bibliographical references and index
650  0 ^aOlder people^xNutrition
650  0 ^aDiet therapy for older people
650  2 ^aNutritional Physiological Phenomena
650  2 ^aAged
700 1  ^aLuggen, Ann Schmidt
945    ^p0^l0^i031630
995    ^a Kesorn
999 ^a ใช้งานได้ทุกระบบ
รายการนี้ยังไม่มีแท็ก
คุณยังไม่ได้ล็อกอิน คุณสามารถมีกิจกรรมร่วมกับเว็บไซต์ได้ แต่ต้องล็อกอินก่อน ::
  ล็อกอิน

รายการสื่อสารสนเทศ

ลำดับที่ ประเภท เลขเรียก/บาร์โค้ด สถานที่ สถานะ
- ไม่พบข้อมูล -

รายการใกล้เคียง
    หัวเรื่อง [Nutritional Physiological Phenomena]
    หัวเรื่อง [Aged]

BibComment


ยังไม่เคยถูกคอมเมนท์

คอมเมนท์ทรัพยากรรายการนี้
  คอมเมนท์: Nutrition for th..


 Copyright 2026. Bcnsprnw @Library